000 01366nam a2200325Ia 4500
001 ebr10265340
003 CaPaEBR
006 m u
007 cr cn|||||||||
008 030307s1988 nyua sb 001 0 eng d
020 _z0826114490
020 _z9780826164902
040 _aCaPaEBR
_cCaPaEBR
035 _a(OCoLC)646781704
050 1 4 _aRC952.A1
_bA568 1988eb
245 0 0 _aAnnual review of gerontology and geriatrics.
_nVolume 8,
_pVarieties of aging
_h[electronic resource] /
_cGeorge L. Maddox, M. Powell Lawton, special volume editors.
260 _aNew York :
_bSpringer Publishing Company,
_cc1988.
300 _axvi, 302 p. :
_bill.
490 1 _aAnnual review of gerontology and geriatrics ;
_vv.8
504 _aIncludes bibliographical references and index.
533 _aElectronic reproduction.
_bPalo Alto, Calif. :
_cebrary,
_d2013.
_nAvailable via World Wide Web.
_nAccess may be limited to ebrary affiliated libraries.
650 0 _aAging.
650 0 _aOld age.
655 7 _aElectronic books.
_2local
700 1 _aMaddox, George L.
700 1 _aLawton, M. Powell
_q(Mortimer Powell),
_d1923-2001.
710 2 _aebrary, Inc.
830 0 _aAnnual review of gerontology and geriatrics ;
_vv.8.
856 4 0 _uhttp://site.ebrary.com/lib/rucke/Doc?id=10265340
_zAn electronic book accessible through the World Wide Web; click to view
999 _c9889
_d9889